| 000 | 00377 a2200169 4500 | ||
|---|---|---|---|
| 001 | 46685 | ||
| 020 | _a9788534938006 | ||
| 040 | _cAnchieta - Aquarius | ||
| 100 | _aGonçalves, Mariza Lima | ||
| 240 | 1 | 0 |
_aMaricota ri e chora _lpor |
| 245 | 1 | 0 | _aMaricota ri e chora |
| 300 | _a | ||
| 362 | 0 | _a0 | |
| 440 | 1 | _aPaulus | |
| 650 | 4 | _aLiteratura infanto-juvenil | |
| 942 | _cBK | ||
| 999 |
_c46685 _d46685 |
||